000 00532aam a22002055a 4500
001 sjds
003 sjds
005 20240204230427.0
008 230208b |||||||| |||| 00| 0 spa d
020 _a7509965892604
020 _a9789686048612
020 _a9686048618
040 _csjds
041 _aspa
100 _aSuarez, Maribel
245 _aRimas 2 Periquito el bandolero /
_cMaribel Saurez
260 _aMexico, D.F. :
_bSITESA,
_cc1989
300 _a 1 volume (unpaged) :
_b color illustrations ;
_c19 cm
942 _cBK
999 _c27147
_d27147